Mezinárodní zasílatelství - spedice

Medzinárodná právna úprava zasielateľskej služby - Vzorové pravidlá FIATA. Niekoľko stručných charakteristík zahraničných právnych úprav týkajúcich sa zasielateľskej činnosti.

Enregistré dans:
Détails bibliographiques
Auteur principal: Šubert, Miroslav
Format: Chapitre de livre
Langue:tchèque
Sujets:
Tags: Ajouter un tag
Pas de tags, Soyez le premier à ajouter un tag!

MARC

LEADER 00000naa a2200000 4500
001 r043486
005 20230908092048.0
041 0 |a cze 
044 |a CZ 
245 1 0 |a Mezinárodní zasílatelství - spedice  |c Miroslav Šubert 
520 |a Medzinárodná právna úprava zasielateľskej služby - Vzorové pravidlá FIATA. Niekoľko stručných charakteristík zahraničných právnych úprav týkajúcich sa zasielateľskej činnosti. 
610 2 0 |a zasielatelia 
610 2 0 |a zasielateľstvá 
610 2 0 |a preprava 
610 2 0 |a obstarávanie 
610 2 0 |a služby obchodné 
610 2 0 |a FIATA 
100 1 |a Šubert, Miroslav